Investigation of adsorption properties of alumina produced by vacuum spray method; IOP Conference Series: Materials Science and Engineering; Vol. 116 : Advanced Materials and New Technologies in Modern Materials Science

Бібліографічні деталі
Parent link:IOP Conference Series: Materials Science and Engineering
Vol. 116 : Advanced Materials and New Technologies in Modern Materials Science.— 2016.— [012019, 5 p.]
Автор: Khrustaleva K.
Співавтор: Национальный исследовательский Томский политехнический университет
Інші автори: Voronova G. A. Gulnara Alfridovna
Резюме:Title screen
In this paper nanopowders obtained by vacuum spray method were studied. The phase composition of the obtained powders is [gamma] - Al[2]O[3]. Obtained nanopowders have specific surface area about 200 m{2}/g. Adsorptive properties of these powders were studied by static adsorption from solutions. The anionic dye eosin was selected as adsorbate. It has been found that the powders obtained by vacuum spray method have significant capacity to adsorb eosin.
Режим доступа: по договору с организацией-держателем ресурса
Мова:Англійська
Опубліковано: 2016
Предмети:
Онлайн доступ:http://dx.doi.org/10.1088/1757-899X/116/1/012019
http://earchive.tpu.ru/handle/11683/18940
Формат: Електронний ресурс Частина з книги
KOHA link:https://koha.lib.tpu.ru/cgi-bin/koha/opac-detail.pl?biblionumber=647103

MARC

LEADER 00000nla2a2200000 4500
001 647103
005 20251124155616.0
035 |a (RuTPU)RU\TPU\network\12240 
035 |a RU\TPU\network\12236 
090 |a 647103 
100 |a 20160325a2016 k y0engy50 ba 
101 0 |a eng 
105 |a y z 100zy 
135 |a drcn ---uucaa 
181 0 |a i  
182 0 |a b 
200 1 |a Investigation of adsorption properties of alumina produced by vacuum spray method  |f K. Khrustaleva, G. A. Voronova 
203 |a Text  |c electronic 
300 |a Title screen 
320 |a [References: 5 tit.] 
330 |a In this paper nanopowders obtained by vacuum spray method were studied. The phase composition of the obtained powders is [gamma] - Al[2]O[3]. Obtained nanopowders have specific surface area about 200 m{2}/g. Adsorptive properties of these powders were studied by static adsorption from solutions. The anionic dye eosin was selected as adsorbate. It has been found that the powders obtained by vacuum spray method have significant capacity to adsorb eosin. 
333 |a Режим доступа: по договору с организацией-держателем ресурса 
461 0 |0 (RuTPU)RU\TPU\network\2008  |t IOP Conference Series: Materials Science and Engineering 
463 0 |0 (RuTPU)RU\TPU\network\11962  |t Vol. 116 : Advanced Materials and New Technologies in Modern Materials Science  |o International Conference, 9–11 November 2015, Tomsk, Russia  |o [proceedings]  |v [012019, 5 p.]  |d 2016 
610 1 |a электронный ресурс 
610 1 |a труды учёных ТПУ 
610 1 |a адсорбционные свойства 
610 1 |a оксид алюминия 
610 1 |a вакуумное распыление 
610 1 |a нанопорошки 
700 1 |a Khrustaleva  |b K. 
701 1 |a Voronova  |b G. A.  |c chemist  |c Associate Professor of Tomsk Polytechnic University, candidate of chemical sciences  |f 1974-  |g Gulnara Alfridovna  |3 (RuTPU)RU\TPU\pers\36451  |9 19500 
712 0 2 |a Национальный исследовательский Томский политехнический университет  |c (2009- )  |9 26305 
801 2 |a RU  |b 63413507  |c 20161122  |g RCR 
856 4 |u http://dx.doi.org/10.1088/1757-899X/116/1/012019 
856 4 |u http://earchive.tpu.ru/handle/11683/18940 
942 |c CF